000 00502nam a2200181Ia 4500
003 GCL
008 140319s9999 xx 000 0 ara d
040 _aGCL /
_cGCL
082 0 4 _a813.03
_bم ا
100 1 _aمحمود دياب
245 1 0 _aاحزان مدينة طفل فى الحى العربى /
_cمحمود دياب
300 _a277 ص
490 _a
650 0 4 _aالادب العربى
650 0 4 _aالقصة العربية
650 0 4 _aالقصة الطويلة
942 _2ddc
_cBK
999 _c39444
_d39444